| 000 | 00899nam a2200241Ia 4500 | ||
|---|---|---|---|
| 003 | GCL | ||
| 008 | 140319s9999 xx 000 0 ara d | ||
| 040 |
_aGCL / _cGCL |
||
| 082 | 0 | 4 |
_a307.772 _bب ح |
| 100 | 1 | _aبزيع معجل نجرس الكعود | |
| 245 | 1 | 0 |
_aحياة البادية / _cبزيع معجل نجرس الكعود |
| 260 |
_aالاردن : _bالدار المتقدمة للنشر والتوزيع ، _c2005 |
||
| 300 |
_a270 ص ؛ _c24 سم |
||
| 650 | 0 | 4 | _aالعادات والتقاليد |
| 650 | 0 | 4 | _aالقبائل العربية |
| 650 | 0 | 4 | _aالعرف الاجتماعى |
| 650 | 0 | 4 | _aالعشائر العربية |
| 650 | 0 | 4 | _aالمجتمعات البدوية |
| 650 | 0 | 4 | _aالبدو - العادات والتقاليد |
| 650 | 0 | 4 | _aالبدو - قوانين وتشريعات |
| 650 | 0 | 4 | _aالزواج - عادات وتقاليد |
| 942 |
_2ddc _cBK |
||
| 999 |
_c10107 _d10107 |
||